SISTEMA DE BIBLIOTECAS
Carmen Mendoza De Cornielle

Los Extranjeros y el Derecho Dominicano / (Registro nro. 18333)

Detalles MARC
000 -CABECERA
campo de control de longitud fija 01655nam a2200265 i 4500
001 - NÚMERO DE CONTROL
campo de control 18333
003 - IDENTIFICADOR DEL NÚMERO DE CONTROL
campo de control DO-SdUEMH
005 - FECHA Y HORA DE LA ÚLTIMA TRANSACCIÓN
campo de control 20260113214325.0
007 - CAMPO FIJO DE DESCRIPCIÓN FÍSICA--INFORMACIÓN GENERAL
campo de control de longitud fija ta
008 - DATOS DE LONGITUD FIJA--INFORMACIÓN GENERAL
campo de control de longitud fija 260113s1997 dr |||gr|||| 00| 0dspa d
040 ## - FUENTE DE LA CATALOGACIÓN
Centro catalogador/agencia de origen DO-SdUEMH
Lengua de catalogación spa
Normas de descripción rda
041 ## - CÓDIGO DE LENGUA
Código de lengua del texto/banda sonora o título independiente spa
082 14 - NÚMERO DE LA CLASIFICACIÓN DECIMAL DEWEY
Colección Colección Dominicana
Número de documento/Ítem G887
100 #1 - ENTRADA PRINCIPAL--NOMBRE DE PERSONA
Término indicativo de función/relación autor
245 ## - MENCIÓN DE TÍTULO
Título Los Extranjeros y el Derecho Dominicano /
Mención de responsabilidad, etc. Domingo Grullón
264 #1 - PRODUCCIÓN, PUBLICACIÓN, DISTRIBUCIÓN, FABRICACIÓN Y COPYRIGHT
Lugar de producción, publicación, distribución, fabricación Santo Domingo, República Dominicana :
Nombre del de productor, editor, distribuidor, fabricante Calcaños & Asocs,
Fecha de producción, publicación, distribución, fabricación o copyright 1997
264 #4 - PRODUCCIÓN, PUBLICACIÓN, DISTRIBUCIÓN, FABRICACIÓN Y COPYRIGHT
Fecha de producción, publicación, distribución, fabricación o copyright ©1997
300 ## - DESCRIPCIÓN FÍSICA
Extensión 118 páginas :
Dimensiones 20 cm.
336 ## - TIPO DE CONTENIDO
Fuente rdacontent
Término de tipo de contenido texto
Código de tipo de contenido txt
337 ## - TIPO DE MEDIO
Fuente rdamedia
Nombre del tipo de medio sin mediación
Código del tipo de medio n
338 ## - TIPO DE SOPORTE
Fuente rdacarrier
Nombre del tipo de soporte volumen
Código del tipo de soporte nc
504 ## - NOTA DE BIBLIOGRAFÍA, ETC.
Nota de bibliografía, etc. Contiene Información Bibliográfica a Final de la Obra.
505 #2 - NOTA DE CONTENIDO CON FORMATO
Nota de contenido con formato Convención sobre los extranjeros -- Clasificación de los extranjeros -- Extranjeros exentos de la renovación del permiso de residencia -- Extranjeros excluidos de entrar a Rep. Dom. -- Lista de tripulación de pasajeros -- Control sanitario de inmigración -- La Tarjeta de Turismo -- El Documento de Viaje -- Certificaciones -- El Artículo 3 del Código Civil y los Extranjeros -- Derechos Inmobiliarios y los Extranjeros -- El Extranjero y los Derechos Políticos -- La Fianza Judicatum Solvi -- Representantes de Firmas Extranjeras -- Inversión Extranjera en Rep. Dom. -- Requisitos exigidos a los extranjeros para contraer matrimonio -- El Departamento Consular de la Cancillería de la República Dominicana -- Extranjeros y delincuencia -- Ley Nº 489 Sobre Extradición -- Ley Nº 200 Sobre Impedimento de Salida -- El Asilo Diplomático -- Los Refugiados -- La “Solidaridad” dominicana.
942 ## - ELEMENTOS DE PUNTO DE ACCESO ADICIONAL (KOHA)
Fuente del sistema de clasificación o colocación Dewey Decimal Classification
Tipo de ítem Koha Libro
Suprimir en OPAC No
Existencias
Estado de retiro Estado de pérdida Fuente del sistema de clasificación o colocación Estado dañado Disponibilidad para préstamo Código de colección Localización permanente Ubicación/localización actual Fecha de adquisición Fuente de adquisición Total de préstamos Signatura topográfica completa Código de barras Fecha visto por última vez Número de copia Precio válido a partir de Tipo de ítem Koha
    Dewey Decimal Classification   Disponible para préstamo Colección General UNIREMHOS SEDE UNIREMHOS SEDE 01/13/2026 Donación   RD 0800295 01/13/2026 ej. 1 01/13/2026 Libro
UNIREMHOS

Av. Abraham Lincoln no. 126, casi esq. José Contreras,
Santo Domingo, República Dominicana

Correo: info@uniremhos.edu.do

Tel.: (809) 532-3739

Horario: Lunes a Viernes: 8:00 am - 6:00 pm | Sábados: 8:00 am - 12:00 m

📍 Ubicación
UNEFA

Av. 27 de Febrero no. 52, El Vergel,
Santo Domingo, República Dominicana

Tel.: (809) 530-0224

📍 Ubicación
UFHEC

Av. Máximo Gómez esq. César Nicolás Penson, La Esperilla,
Santo Domingo, República Dominicana

Tel.: (809) 537-6000

📍 Ubicación